| 000 | 00706nam a2200241Ia 4500 | ||
|---|---|---|---|
| 001 | dia_4084 | ||
| 003 | CHAP | ||
| 005 | 20221028092824.0 | ||
| 008 | 220117sS.A. xx 000 0 und d | ||
| 010 | _a174697 | ||
| 040 | _cCHAP | ||
| 090 | _aFOLLETO 2409 | ||
| 100 |
_aHill, Ferguc _9155655 |
||
| 245 |
_aCalidad en carne y productos cárnicos / _c Ferguc Hill |
||
| 260 |
_aMéxico _cS.A. |
||
| 300 | _aS.P.I. | ||
| 500 | _aS/c Trad. Villegas de Gante, Abraham (Trabajo aparecido en food manufacture de nov. 1967) | ||
| 650 |
_aCarne _xCalidad _919064 |
||
| 901 | _aFOLLETO 2409 | ||
| 902 | _aM | ||
| 905 | _a000000S.A. mx 0000000000spa00 | ||
| 942 |
_cFOLL _2local |
||
| 999 |
_c174697 _d174697 |
||